[Event "Winnipeg TNT April op"]
[Site "Winnipeg CAN"]
[Date "2012.04.24"]
[Round "4"]
[White "Campbell, Jamie"]
[Black "Swift, Ryne"]
[Result "0-1"]
[WhiteElo "1572"]
[BlackElo "1857"]
[PlyCount "80"]
[GameId "2160767909509951"]
[EventDate "2012.04.03"]
[EventType "swiss"]
[EventRounds "4"]
[EventCountry "CAN"]
[SourceTitle "EXT 2022"]
[Source "ChessBase"]
[SourceDate "2021.10.06"]
[SourceVersion "1"]
[SourceVersionDate "2021.10.06"]
[SourceQuality "1"]

1. Nf3 Nf6 2. g3 d5 3. c4 e6 4. b3 Bd6 5. Bb2 O-O 6. Bg2 Re8 7. d4 c6 8. O-O Nbd7 9. Nbd2 Nf8 10. Re1 Ng6 11. Qc2 Bd7 12. e4 dxe4 13. Ng5 Be7 14. Ngxe4 Nxe4 15. Nxe4 Rc8 16. Rad1 Rc7 17. f4 Bf8 18. Qc3 b6 19. b4 Qe7 20. c5 f6 21. Nd6 Rb8 22. f5 Nh8 23. fxe6 Bxe6 24. d5 bxc5 25. Rxe6 cxb4 26. Rxe7 bxc3 27. Bxc3 Bxe7 28. Nf5 cxd5 29. Nxe7+ Rxe7 30. Bxd5+ Nf7 31. a3 Rd7 32. Bb4 Rbd8 33. Bxf7+ Kxf7 34. Re1 Rd1 35. Kf2 Rxe1 36. Bxe1 Rd3 37. Bb4 Ke6 38. g4 Kd5 39. Bf8 g6 40. h4 Rh3 0-1

[Event "Winnipeg TNT April op"]
[Site "Winnipeg CAN"]
[Date "2012.04.24"]
[Round "4"]
[White "Green, Aaron"]
[Black "Wasserman, Leor"]
[Result "0-1"]
[WhiteElo "1988"]
[BlackElo "1912"]
[PlyCount "74"]
[GameId "2160767909509952"]
[EventDate "2012.04.03"]
[EventType "swiss"]
[EventRounds "4"]
[EventCountry "CAN"]
[SourceTitle "EXT 2022"]
[Source "ChessBase"]
[SourceDate "2021.10.06"]
[SourceVersion "1"]
[SourceVersionDate "2021.10.06"]
[SourceQuality "1"]

1. e4 c5 2. c3 Nc6 3. d4 cxd4 4. cxd4 d5 5. e5 Bf5 6. Bd3 Bxd3 7. Qxd3 Qc7 8. Nc3 e6 9. f4 Bb4 10. Bd2 a6 11. f5 Bxc3 12. Bxc3 exf5 13. Qxf5 Nge7 14. Qg4 O-O 15. Nf3 Ng6 16. O-O b5 17. a3 a5 18. h4 Qb6 19. Rae1 f5 20. exf6 Rxf6 21. h5 Nge7 22. Re6 Raf8 23. Rfe1 Qc7 24. Bd2 Qd7 25. Nh4 Nxd4 26. R6e4 Qxg4 27. Rxg4 Rf1+ 28. Rxf1 Ne2+ 29. Kh2 Rxf1 30. Bxa5 Nc6 31. Bd2 Ne5 32. Rg5 Nd3 33. Rxd5 Nf2 34. g3 Rg1 35. Be3 Ng4+ 36. Kh3 Nxe3 37. Rg5 Rh1# 0-1

[Event "Winnipeg TNT April op"]
[Site "Winnipeg CAN"]
[Date "2012.04.24"]
[Round "4"]
[White "Mundwiler, Les"]
[Black "Cleto, Sam"]
[Result "0-1"]
[WhiteElo "2085"]
[BlackElo "1840"]
[PlyCount "74"]
[GameId "2160767909509954"]
[EventDate "2012.04.03"]
[EventType "swiss"]
[EventRounds "4"]
[EventCountry "CAN"]
[SourceTitle "EXT 2022"]
[Source "ChessBase"]
[SourceDate "2021.10.06"]
[SourceVersion "1"]
[SourceVersionDate "2021.10.06"]
[SourceQuality "1"]

1. e4 c5 2. Nc3 Nc6 3. f4 e6 4. Nf3 d6 5. Bb5 Bd7 6. O-O Be7 7. f5 Nf6 8. fxe6 Bxe6 9. Bxc6+ bxc6 10. d4 cxd4 11. Nxd4 Bd7 12. Nf5 Bxf5 13. Rxf5 Qb6+ 14. Kh1 g6 15. Rf1 O-O 16. Rb1 Qa5 17. Qf3 Qh5 18. Qf4 Qg4 19. h3 Qxf4 20. Bxf4 Nh5 21. Bh2 f5 22. exf5 gxf5 23. Rbe1 Bh4 24. Re6 f4 25. Rxd6 Ng3+ 26. Bxg3 fxg3 27. Rg1 Rf2 28. Rd4 Be7 29. Rg4+ Kh8 30. Rxg3 Raf8 31. Na4 R8f4 32. c4 Bd6 33. Rd3 Be5 34. b3 Rxa2 35. Re1 Rf5 36. g4 Rff2 37. Rxe5 Rf1# 0-1

[Event "Winnipeg TNT April op"]
[Site "Winnipeg CAN"]
[Date "2012.04.24"]
[Round "4"]
[White "Repa, Jason"]
[Black "Kaptsan, Aron"]
[Result "1-0"]
[WhiteElo "1999"]
[BlackElo "1953"]
[PlyCount "41"]
[GameId "2160767909509955"]
[EventDate "2012.04.03"]
[EventType "swiss"]
[EventRounds "4"]
[EventCountry "CAN"]
[SourceTitle "EXT 2022"]
[Source "ChessBase"]
[SourceDate "2021.10.06"]
[SourceVersion "1"]
[SourceVersionDate "2021.10.06"]
[SourceQuality "1"]

1. e4 e5 2. Nf3 Nc6 3. Nc3 d6 4. d4 exd4 5. Nxd4 Nxd4 6. Qxd4 Nf6 7. Bg5 Be7 8. O-O-O O-O 9. e5 dxe5 10. Qh4 Qe8 11. Bb5 c6 12. Bd3 h6 13. Bxh6 gxh6 14. Qxh6 e4 15. Qg5+ Kh8 16. Nxe4 Nxe4 17. Qh6+ Kg8 18. Bxe4 f5 19. Rd3 Rf6 20. Rg3+ Kf7 21. Qh5+ 1-0

[Event "Winnipeg TNT April op"]
[Site "Winnipeg CAN"]
[Date "2012.04.24"]
[Round "4"]
[White "Wolchock, Theo"]
[Black "Green, Jim"]
[Result "1-0"]
[WhiteElo "1771"]
[BlackElo "1791"]
[PlyCount "69"]
[GameId "2160767909509956"]
[EventDate "2012.04.03"]
[EventType "swiss"]
[EventRounds "4"]
[EventCountry "CAN"]
[SourceTitle "EXT 2022"]
[Source "ChessBase"]
[SourceDate "2021.10.06"]
[SourceVersion "1"]
[SourceVersionDate "2021.10.06"]
[SourceQuality "1"]

1. c4 e5 2. g3 f5 3. Bg2 Nf6 4. Nc3 Be7 5. e3 O-O 6. Nge2 d6 7. O-O c6 8. d4 e4 9. b4 d5 10. c5 Na6 11. b5 Nc7 12. bxc6 bxc6 13. Rb1 Ba6 14. Qa4 Qd7 15. Re1 Rfb8 16. Bd2 Qe8 17. Bh3 g6 18. Nc1 Rxb1 19. Nxb1 Qc8 20. Ba5 Ne6 21. Bf1 Ng5 22. Nd2 Bxf1 23. Rxf1 f4 24. exf4 Nf3+ 25. Nxf3 exf3 26. Qb3 Ne4 27. Qxf3 Qa6 28. Nb3 Rb8 29. Bc7 Rb7 30. Be5 Qxa2 31. Nc1 Qb2 32. Qg4 Rb8 33. Qe6+ Kf8 34. Bxb8 Qxb8 35. Qxc6 1-0

[Event "Winnipeg TNT August op"]
[Site "Winnipeg CAN"]
[Date "2012.08.07"]
[Round "1"]
[White "Boron, Anthony"]
[Black "Samson, Larry"]
[Result "1-0"]
[WhiteElo "2039"]
[BlackElo "1678"]
[PlyCount "127"]
[GameId "2160767909441554"]
[EventDate "2012.08.07"]
[EventType "swiss"]
[EventRounds "4"]
[EventCountry "CAN"]
[SourceTitle "EXT 2022"]
[Source "ChessBase"]
[SourceDate "2021.10.06"]
[SourceVersion "1"]
[SourceVersionDate "2021.10.06"]
[SourceQuality "1"]

1. e4 c5 2. d4 cxd4 3. c3 dxc3 4. Nxc3 Nc6 5. Nf3 d6 6. Bc4 e6 7. Qe2 a6 8. O-O h6 9. Rd1 Be7 10. a3 Qc7 11. Bf4 Nf6 12. Rac1 O-O 13. b4 e5 14. Be3 Qb8 15. h3 Na7 16. Nd5 Nxd5 17. Bxd5 Nb5 18. a4 Nc7 19. Ba2 Be6 20. Bb6 Rc8 21. Nh2 Bxa2 22. Qxa2 Ne6 23. Ng4 Rc6 24. a5 Qc8 25. Be3 Rxc1 26. Rxc1 Qd7 27. Rd1 Qc6 28. f3 Qb5 29. Qb2 Rc8 30. Bf2 Nf4 31. Qb3 Ne2+ 32. Kh2 Rc3 33. Qb2 Rc6 34. Rd5 Qc4 35. Ne3 Qc3 36. Qxe2 Qxb4 37. Be1 Qb3 38. Rd3 Qb5 39. Qd1 Qb2 40. Rb3 Qa2 41. Rxb7 Bg5 42. Qb3 Qxb3 43. Rxb3 Rc1 44. h4 Bf4+ 45. Bg3 Bxe3 46. Rxe3 Ra1 47. Be1 Kf8 48. Bb4 Rd1 49. Rc3 Ke7 50. Rc7+ Ke6 51. Rc6 Rd4 52. Be1 Rd1 53. Bf2 Rd2 54. Ba7 f5 55. Rxa6 fxe4 56. fxe4 Re2 57. Bb8 Rxe4 58. Rxd6+ Kf5 59. Rd5 Rxh4+ 60. Kg1 Re4 61. Rxe5+ Rxe5 62. Bxe5 Kxe5 63. a6 Kd6 64. a7 1-0

[Event "Winnipeg TNT August op"]
[Site "Winnipeg CAN"]
[Date "2012.08.07"]
[Round "1"]
[White "Campbell, Jamie"]
[Black "Swift, Ryne"]
[Result "1/2-1/2"]
[WhiteElo "1589"]
[BlackElo "1924"]
[PlyCount "78"]
[GameId "2160767909441555"]
[EventDate "2012.08.07"]
[EventType "swiss"]
[EventRounds "4"]
[EventCountry "CAN"]
[SourceTitle "EXT 2022"]
[Source "ChessBase"]
[SourceDate "2021.10.06"]
[SourceVersion "1"]
[SourceVersionDate "2021.10.06"]
[SourceQuality "1"]

1. Nf3 d5 2. c4 Nf6 3. cxd5 Nxd5 4. d4 e6 5. e3 Be7 6. Nc3 O-O 7. Bd3 c5 8. e4 Nb4 9. Bb1 cxd4 10. Qxd4 Qxd4 11. Nxd4 Rd8 12. Be3 N8c6 13. Nf3 Bf6 14. O-O Bd7 15. a3 Na6 16. Bg5 Bxg5 17. Nxg5 Nd4 18. Bd3 Nc5 19. Bc4 h6 20. Rad1 Bc6 21. b4 hxg5 22. bxc5 b6 23. cxb6 axb6 24. f3 Rxa3 25. Ne2 Nxe2+ 26. Bxe2 Rxd1 27. Rxd1 Kf8 28. Rb1 b5 29. Bxb5 Bxb5 30. Rxb5 f6 31. e5 Kf7 32. Rb7+ Kg6 33. exf6 gxf6 34. Rb2 f5 35. Kf2 Ra6 36. g3 e5 37. Re2 Kf6 38. h3 Re6 39. g4 f4 1/2-1/2

[Event "Winnipeg TNT August op"]
[Site "Winnipeg CAN"]
[Date "2012.08.07"]
[Round "1"]
[White "Czarny, Keith"]
[Black "Wasserman, Leor"]
[Result "0-1"]
[WhiteElo "1676"]
[BlackElo "2031"]
[PlyCount "36"]
[GameId "2160767909441556"]
[EventDate "2012.08.07"]
[EventType "swiss"]
[EventRounds "4"]
[EventCountry "CAN"]
[SourceTitle "EXT 2022"]
[Source "ChessBase"]
[SourceDate "2021.10.06"]
[SourceVersion "1"]
[SourceVersionDate "2021.10.06"]
[SourceQuality "1"]

1. Nf3 Nf6 2. b3 c5 3. Bb2 d5 4. e3 Nc6 5. Bb5 Bg4 6. d3 Qa5+ 7. Nc3 d4 8. exd4 cxd4 9. Bxc6+ bxc6 10. Qd2 dxc3 11. Bxc3 Qd5 12. O-O-O Bxf3 13. gxf3 e6 14. Ba5 Ba3+ 15. Kb1 O-O 16. Rhg1 Bd6 17. c4 Qxf3 18. Rg3 Bxg3 0-1

[Event "Winnipeg TNT August op"]
[Site "Winnipeg CAN"]
[Date "2012.08.07"]
[Round "1"]
[White "Leaden, Bruce"]
[Black "Magnusson, Saul"]
[Result "0-1"]
[WhiteElo "1535"]
[BlackElo "1801"]
[PlyCount "72"]
[GameId "2160767909441557"]
[EventDate "2012.08.07"]
[EventType "swiss"]
[EventRounds "4"]
[EventCountry "CAN"]
[SourceTitle "EXT 2022"]
[Source "ChessBase"]
[SourceDate "2021.10.06"]
[SourceVersion "1"]
[SourceVersionDate "2021.10.06"]
[SourceQuality "1"]

1. e4 e6 2. d4 d5 3. e5 c5 4. c3 Nc6 5. Bb5 Qb6 6. Qb3 Bd7 7. Bxc6 bxc6 8. Qxb6 axb6 9. Ne2 cxd4 10. Nxd4 c5 11. Nb3 Bb5 12. Be3 Ne7 13. Na3 Ba6 14. f4 Nf5 15. Bf2 h5 16. g3 Bd3 17. Kd2 Be4 18. Rhe1 Kd7 19. Nb5 Be7 20. a4 Rhd8 21. a5 Kc6 22. Nd6 Nxd6 23. exd6 Bxd6 24. axb6 Kxb6 25. Rxa8 Rxa8 26. Ra1 Rxa1 27. Nxa1 h4 28. b4 hxg3 29. bxc5+ Bxc5 30. Bxc5+ Kxc5 31. hxg3 Kc4 32. Nc2 Bxc2 33. Kxc2 f6 34. g4 g5 35. fxg5 fxg5 36. Kd2 e5 0-1

[Event "Winnipeg TNT August op"]
[Site "Winnipeg CAN"]
[Date "2012.08.07"]
[Round "1"]
[White "Ma, Derek"]
[Black "Kaptsan, Aron"]
[Result "0-1"]
[WhiteElo "1724"]
[BlackElo "2050"]
[PlyCount "86"]
[GameId "2160767909441558"]
[EventDate "2012.08.07"]
[EventType "swiss"]
[EventRounds "4"]
[EventCountry "CAN"]
[SourceTitle "EXT 2022"]
[Source "ChessBase"]
[SourceDate "2021.10.06"]
[SourceVersion "1"]
[SourceVersionDate "2021.10.06"]
[SourceQuality "1"]

1. e4 e5 2. f4 exf4 3. Bc4 Qh4+ 4. Kf1 Nc6 5. Nf3 Qh5 6. Nc3 d6 7. d4 Bg4 8. Kf2 g5 9. Bb5 O-O-O 10. Bxc6 bxc6 11. Qd3 Bxf3 12. gxf3 Bg7 13. Bd2 Ne7 14. Ne2 Qh4+ 15. Kg2 g4 16. Bxf4 gxf3+ 17. Qxf3 Ng6 18. Bg3 Qe7 19. Nc3 Bxd4 20. Rad1 Be5 21. Qd3 Nf4+ 22. Bxf4 Bxf4 23. Qa6+ Kd7 24. Qxa7 Rhg8+ 25. Kf3 Qf6 26. Ke2 Rg2+ 27. Kd3 Qh4 28. Rdf1 Qh3+ 29. Kc4 Qe6+ 30. Kd3 Be5 31. Rf3 Rgg8 32. Rhf1 f6 33. h3 Rb8 34. Na4 Rb4 35. Kd2 Qc4 36. b3 Qxe4 37. Kc1 Rg2 38. Rd3 Bd4 39. Qa5 Rb5 40. Qe1 Re2 41. Qg3 Rg5 42. Rf4 Rxg3 43. Rxe4 Rg1+ 0-1

[Event "Winnipeg TNT August op"]
[Site "Winnipeg CAN"]
[Date "2012.08.07"]
[Round "1"]
[White "Mundwiler, Les"]
[Black "Wolchock, Theo"]
[Result "1-0"]
[WhiteElo "2045"]
[BlackElo "1708"]
[PlyCount "73"]
[GameId "2160767909441559"]
[EventDate "2012.08.07"]
[EventType "swiss"]
[EventRounds "4"]
[EventCountry "CAN"]
[SourceTitle "EXT 2022"]
[Source "ChessBase"]
[SourceDate "2021.10.06"]
[SourceVersion "1"]
[SourceVersionDate "2021.10.06"]
[SourceQuality "1"]

1. d4 Nf6 2. c4 c5 3. e3 e6 4. Nf3 d5 5. a3 Bd6 6. dxc5 Bxc5 7. b4 Be7 8. Bb2 O-O 9. Nbd2 Nc6 10. Be2 Bd7 11. O-O Rc8 12. Qb3 a6 13. Rfd1 Qb6 14. Rac1 Rfd8 15. Bxf6 Bxf6 16. cxd5 exd5 17. Qxd5 Be6 18. Nc4 Qa7 19. Qe4 Qb8 20. Nb6 Rxd1+ 21. Rxd1 Rd8 22. Nd5 Bxd5 23. Rxd5 Rxd5 24. Qxd5 Qd8 25. Bc4 Qxd5 26. Bxd5 Bb2 27. Bxc6 bxc6 28. Nd4 Bxd4 29. exd4 Kf8 30. Kf1 Ke7 31. Ke2 Ke6 32. Kd3 Kd5 33. f4 f6 34. f5 g6 35. g4 gxf5 36. gxf5 h6 37. h3 1-0

[Event "Winnipeg TNT August op"]
[Site "Winnipeg CAN"]
[Date "2012.08.07"]
[Round "1"]
[White "Oberton, Daniel"]
[Black "Reimer, Bruce"]
[Result "1-0"]
[WhiteElo "1979"]
[BlackElo "1593"]
[PlyCount "67"]
[GameId "2160767909441560"]
[EventDate "2012.08.07"]
[EventType "swiss"]
[EventRounds "4"]
[EventCountry "CAN"]
[SourceTitle "EXT 2022"]
[Source "ChessBase"]
[SourceDate "2021.10.06"]
[SourceVersion "1"]
[SourceVersionDate "2021.10.06"]
[SourceQuality "1"]

1. e4 Nf6 2. e5 Nd5 3. c4 Nb6 4. c5 Nd5 5. d4 g6 6. Bc4 e6 7. Nf3 Bg7 8. Nc3 Nxc3 9. bxc3 O-O 10. Bg5 f6 11. exf6 Bxf6 12. Bxf6 Qxf6 13. O-O Nc6 14. Qe2 Ne7 15. Nd2 b6 16. Ne4 Qh4 17. f3 Bb7 18. Bb5 Rad8 19. cxb6 axb6 20. a4 Nd5 21. g3 Qh6 22. a5 bxa5 23. Rxa5 Qg7 24. Ra7 Nxc3 25. Nxc3 Qxd4+ 26. Qf2 Qxc3 27. Rxb7 Qb3 28. Qe2 c6 29. Bxc6 Qc3 30. Bb5 Qc5+ 31. Kg2 Qd5 32. Rc7 Rf7 33. Rd1 Qb3 34. Rdxd7 1-0

[Event "Winnipeg TNT August op"]
[Site "Winnipeg CAN"]
[Date "2012.08.07"]
[Round "1"]
[White "Pang, Michael"]
[Black "Baron, Cody"]
[Result "0-1"]
[WhiteElo "1835"]
[BlackElo "1539"]
[PlyCount "106"]
[GameId "2160767909441561"]
[EventDate "2012.08.07"]
[EventType "swiss"]
[EventRounds "4"]
[EventCountry "CAN"]
[SourceTitle "EXT 2022"]
[Source "ChessBase"]
[SourceDate "2021.10.06"]
[SourceVersion "1"]
[SourceVersionDate "2021.10.06"]
[SourceQuality "1"]

1. e4 e6 2. d4 d5 3. Nc3 Nf6 4. Bg5 Be7 5. e5 Nfd7 6. Bxe7 Qxe7 7. f4 a6 8. Nf3 c5 9. Bd3 Nc6 10. dxc5 Qxc5 11. Qe2 Qb4 12. Qd2 Qxb2 13. O-O Qa3 14. Rab1 Qe7 15. Rfe1 Nc5 16. Kh1 Nxd3 17. cxd3 b5 18. a4 b4 19. Ne2 a5 20. Ned4 Nxd4 21. Nxd4 Bd7 22. Ra1 O-O 23. g4 Rfc8 24. Qe3 Rc3 25. Ne2 Ra3 26. Rxa3 bxa3 27. Nc3 Qb4 28. d4 Rc8 29. Rc1 g6 30. f5 exf5 31. Nxd5 Rxc1+ 32. Qxc1 Qxd4 33. Nf6+ Kg7 34. Nxd7 Qxd7 35. Qc3 Qd1+ 36. Kg2 Qxg4+ 37. Kh1 Kh6 38. Qxa3 Qe4+ 39. Kg1 Qxe5 40. Qf8+ Qg7 41. Qd8 Qa1+ 42. Kg2 Qxa4 43. Qf8+ Kh5 44. Qxf7 h6 45. Qc7 Qg4+ 46. Kh1 Qf3+ 47. Kg1 Qd1+ 48. Kf2 Qd2+ 49. Kg1 a4 50. h4 Qe1+ 51. Kg2 Qxh4 52. Kf1 a3 53. Qe5 Qh1+ 0-1

[Event "Winnipeg TNT August op"]
[Site "Winnipeg CAN"]
[Date "2012.08.07"]
[Round "1"]
[White "Towns, Barry"]
[Black "Kernetsky, Myron"]
[Result "0-1"]
[WhiteElo "1693"]
[BlackElo "2042"]
[PlyCount "58"]
[GameId "2160767909441562"]
[EventDate "2012.08.07"]
[EventType "swiss"]
[EventRounds "4"]
[EventCountry "CAN"]
[SourceTitle "EXT 2022"]
[Source "ChessBase"]
[SourceDate "2021.10.06"]
[SourceVersion "1"]
[SourceVersionDate "2021.10.06"]
[SourceQuality "1"]

1. e4 e6 2. d4 d5 3. Nc3 Bb4 4. exd5 exd5 5. Nf3 Ne7 6. Bd3 O-O 7. O-O Bf5 8. Bg5 f6 9. Bh4 Nbc6 10. a3 Ba5 11. Re1 Qd7 12. Bb5 a6 13. Ba4 b5 14. Bb3 Bb6 15. Ne2 Bg4 16. a4 Bxf3 17. gxf3 Nf5 18. Bg3 Ncxd4 19. Nxd4 Nxd4 20. Ba2 Qf5 21. Kg2 c6 22. Re7 Bc5 23. Re4 Ne6 24. Re1 Kh8 25. axb5 axb5 26. c3 Nf4+ 27. Bxf4 Qxf4 28. Qc1 Qh4 29. Re6 Qxf2+ 0-1

[Event "Winnipeg TNT August op"]
[Site "Winnipeg CAN"]
[Date "2012.08.14"]
[Round "2"]
[White "Baron, Cody"]
[Black "Boron, Anthony"]
[Result "0-1"]
[WhiteElo "1539"]
[BlackElo "2039"]
[PlyCount "98"]
[GameId "2160767909441563"]
[EventDate "2012.08.07"]
[EventType "swiss"]
[EventRounds "4"]
[EventCountry "CAN"]
[SourceTitle "EXT 2022"]
[Source "ChessBase"]
[SourceDate "2021.10.06"]
[SourceVersion "1"]
[SourceVersionDate "2021.10.06"]
[SourceQuality "1"]

1. e4 c6 2. d4 d5 3. Nc3 dxe4 4. Nxe4 Bf5 5. Ng3 Bg6 6. Nf3 Nd7 7. h4 h6 8. h5 Bh7 9. Bd3 Bxd3 10. Qxd3 Ngf6 11. Bd2 e6 12. O-O Bd6 13. Ne4 Nxe4 14. Qxe4 Nf6 15. Qh4 b5 16. Rfe1 Nd5 17. Qxd8+ Rxd8 18. Ne5 Bxe5 19. Rxe5 O-O 20. c3 Nf6 21. Rae1 Rd5 22. f3 Nxh5 23. g4 Nf6 24. g5 hxg5 25. Bxg5 Nd7 26. Rxd5 cxd5 27. Kf2 f6 28. Bf4 Kf7 29. Bd6 Rh8 30. Kg2 Rc8 31. Re2 Rc6 32. Bf4 Nf8 33. a3 g5 34. Bg3 Ng6 35. Re1 Rc8 36. Rh1 Rg8 37. Rh7+ Rg7 38. Rxg7+ Kxg7 39. Bb8 Nh4+ 40. Kf2 a6 41. Bg3 Kg6 42. f4 Kf5 43. fxg5 fxg5 44. Be5 Ng6 45. Bd6 Nf4 46. Ke3 Kg4 47. Bxf4 gxf4+ 48. Kf2 f3 49. b4 Kf4 0-1

[Event "Winnipeg TNT August op"]
[Site "Winnipeg CAN"]
[Date "2012.08.14"]
[Round "2"]
[White "Bince, Rolando"]
[Black "Wasserman, Arie"]
[Result "1-0"]
[WhiteElo "2052"]
[BlackElo "1723"]
[PlyCount "40"]
[GameId "2160767740940993"]
[EventDate "2012.08.07"]
[EventType "swiss"]
[EventRounds "4"]
[EventCountry "CAN"]

1. Nf3 Nf6 2. c4 Nc6 3. Nc3 e5 4. g3 Bc5 5. Bg2 d6 6. O-O Be6 7. d3 Qd7 8. Ng5 Bg4 9. h3 Bh5 10. Kh2 h6 11. Nge4 Nxe4 12. dxe4 Nd4 13. f3 a6 14. Qa4 Bg6 15. e3 Ne6 16. f4 Bh7 17. f5 Nd8 18. a3 a5 19. Rb1 Nc6 20. Nd5 Ne7 {Something missing around move 20 and even 20...Ne7 might be wrong. It appears the game ended around move 80.} 1-0

[Event "Winnipeg TNT August op"]
[Site "Winnipeg CAN"]
[Date "2012.08.14"]
[Round "2"]
[White "Czarny, Keith"]
[Black "Ma, Derek"]
[Result "1-0"]
[WhiteElo "1676"]
[BlackElo "1724"]
[PlyCount "55"]
[GameId "2160767909441564"]
[EventDate "2012.08.07"]
[EventType "swiss"]
[EventRounds "4"]
[EventCountry "CAN"]
[SourceTitle "EXT 2022"]
[Source "ChessBase"]
[SourceDate "2021.10.06"]
[SourceVersion "1"]
[SourceVersionDate "2021.10.06"]
[SourceQuality "1"]

1. Nf3 d5 2. d4 Nc6 3. g3 Bf5 4. Bd2 Qd7 5. Nc3 O-O-O 6. h4 Nf6 7. a3 Bg4 8. Nh2 Nxd4 9. Nxg4 Nxg4 10. e3 Qf5 11. f4 Nxc2+ 12. Ke2 Nxa1 13. Qxa1 d4 14. e4 Qe6 15. f5 Qe5 16. Bf4 d3+ 17. Kf3 Qc5 18. Kxg4 Qf2 19. Kh3 d2 20. Qd1 e6 21. Rh2 Qc5 22. Rxd2 Rxd2 23. Qxd2 exf5 24. exf5 Qxf5+ 25. Kh2 Bc5 26. Bh3 Qxh3+ 27. Kxh3 Rd8 28. Qe2 1-0

[Event "Winnipeg TNT August op"]
[Site "Winnipeg CAN"]
[Date "2012.08.14"]
[Round "2"]
[White "Kaptsan, Aron"]
[Black "Wasserman, Leor"]
[Result "1-0"]
[WhiteElo "2050"]
[BlackElo "2031"]
[PlyCount "97"]
[GameId "2160767909441565"]
[EventDate "2012.08.07"]
[EventType "swiss"]
[EventRounds "4"]
[EventCountry "CAN"]
[SourceTitle "EXT 2022"]
[Source "ChessBase"]
[SourceDate "2021.10.06"]
[SourceVersion "1"]
[SourceVersionDate "2021.10.06"]
[SourceQuality "1"]

1. d4 Nf6 2. c4 e5 3. dxe5 Ne4 4. Nf3 Bb4+ 5. Nbd2 Nc6 6. e3 d6 7. exd6 Bf5 8. a3 Ba5 9. d7+ Qxd7 10. b4 Nxb4 11. axb4 Bxb4 12. Qa4 Qxa4 13. Rxa4 a5 14. Nd4 Bg6 15. f3 Nc3 16. Ra1 c5 17. Nb5 Nxb5 18. cxb5 Rd8 19. Bc4 Bc3 20. Ra3 Bb4 21. Ra2 Bd3 22. Bxd3 Rxd3 23. Ke2 Rc3 24. Ne4 Rb3 25. Nd6+ Ke7 26. Nxb7 Ra8 27. Bd2 Bxd2 28. Rxd2 Rxb5 29. Nd6 Rb6 30. Nc4 Rb4 31. Rc1 a4 32. Ra2 a3 33. Nxa3 Rba4 34. Rc3 c4 35. e4 Rb4 36. Rac2 Rb3 37. Nxc4 Rxc3 38. Rxc3 Ra2+ 39. Nd2 h6 40. Ke3 g6 41. Kd3 Kf6 42. Rc2 Ra3+ 43. Ke2 Kg5 44. Rc5+ f5 45. g4 Kf4 46. gxf5 Re3+ 47. Kd1 Ra3 48. fxg6 Ke3 49. Nc4+ 1-0

[Event "Winnipeg TNT August op"]
[Site "Winnipeg CAN"]
[Date "2012.08.14"]
[Round "2"]
[White "Kernetsky, Myron"]
[Black "Oberton, Daniel"]
[Result "1-0"]
[WhiteElo "2042"]
[BlackElo "1979"]
[PlyCount "113"]
[GameId "2160767909441566"]
[EventDate "2012.08.07"]
[EventType "swiss"]
[EventRounds "4"]
[EventCountry "CAN"]
[SourceTitle "EXT 2022"]
[Source "ChessBase"]
[SourceDate "2021.10.06"]
[SourceVersion "1"]
[SourceVersionDate "2021.10.06"]
[SourceQuality "1"]

1. d4 Nf6 2. c4 g6 3. Nc3 Bg7 4. e4 d6 5. Nf3 O-O 6. h3 Nbd7 7. Be2 e5 8. d5 Nc5 9. Qc2 a5 10. g4 c6 11. Be3 cxd5 12. cxd5 b6 13. Nd2 Ba6 14. Bxa6 Nxa6 15. Rc1 Rc8 16. Qd3 Nc5 17. Qe2 Qc7 18. O-O Qb8 19. f3 Ne8 20. Nb5 f5 21. Kg2 fxe4 22. Nxe4 h6 23. Qd2 Kh7 24. Bxc5 dxc5 25. d6 Rd8 26. Rcd1 Rf7 27. Qd5 Qb7 28. Qxb7 Rxb7 29. Rd5 Kg8 30. Rfd1 Rbd7 31. Kf2 Kf7 32. Ke2 Nf6 33. R5d2 Bf8 34. Ke3 Nxe4 35. Kxe4 Ke6 36. Nc7+ Kf6 37. Nd5+ Ke6 38. Nxb6 Rxd6 39. Rxd6+ Rxd6 40. Rxd6+ Bxd6 41. a4 g5 42. Nc4 Bc7 43. b3 Bd8 44. Nxe5 Bf6 45. Nc4 Bc3 46. Ne3 Bg7 47. f4 gxf4 48. Kxf4 Bc3 49. Ke4 Bd2 50. Nf5 Bc1 51. h4 Bd2 52. Ne3 Bc3 53. g5 hxg5 54. hxg5 Bg7 55. Nf5 Bc3 56. Ne3 Kf7 57. Kf5 1-0

[Event "Winnipeg TNT August op"]
[Site "Winnipeg CAN"]
[Date "2012.08.14"]
[Round "2"]
[White "Magnusson, Saul"]
[Black "Mundwiler, Les"]
[Result "1/2-1/2"]
[WhiteElo "1801"]
[BlackElo "2045"]
[PlyCount "116"]
[GameId "2160767909441567"]
[EventDate "2012.08.07"]
[EventType "swiss"]
[EventRounds "4"]
[EventCountry "CAN"]
[SourceTitle "EXT 2022"]
[Source "ChessBase"]
[SourceDate "2021.10.06"]
[SourceVersion "1"]
[SourceVersionDate "2021.10.06"]
[SourceQuality "1"]

1. e4 e5 2. Bc4 Nf6 3. d3 Nc6 4. f4 Bc5 5. Nf3 d6 6. Nc3 a6 7. a4 O-O 8. Bd2 Bg4 9. h3 Bxf3 10. gxf3 Nh5 11. Qe2 Ng3 12. Qg2 Nxh1 13. O-O-O Nf2 14. Rf1 Qh4 15. f5 Qxh3 16. Rxf2 Qxg2 17. Rxg2 Kh8 18. Nd5 Nd4 19. f6 gxf6 20. Nxf6 Rg8 21. Nxg8 Rxg8 22. Bg5 h6 23. Bf6+ Kh7 24. Rxg8 Kxg8 25. f4 Ne2+ 26. Kd2 Nxf4 27. c3 Bb6 28. Bd8 Kf8 29. b4 a5 30. Bf6 c6 31. bxa5 Bxa5 32. Bb3 Bb6 33. Bd1 Bf2 34. Bg4 h5 35. Bf3 h4 36. Bg5 Ne6 37. Bh6+ Kg8 38. Ke2 Bg3 39. Be3 Bf4 40. Bf2 Bg5 41. Bg4 Nf4+ 42. Ke3 Ne6+ 43. Kf3 Kf8 44. Bxe6 fxe6 45. Kg4 Be7 46. Bxh4 Bxh4 47. Kxh4 b6 48. Kh5 Ke7 49. Kg6 d5 50. Kg7 c5 51. c4 Ke8 52. Kf6 Kd7 53. Kf7 Kd6 54. Kf6 Kd7 55. Kxe5 dxc4 56. dxc4 Ke7 57. Kf4 Kf6 58. e5+ Kg6 1/2-1/2